| 000 | 00717 a2200205 4500 | ||
|---|---|---|---|
| 005 | 20260204064720.0 | ||
| 020 | _a9781037081286 | ||
| 050 |
_aLB 2369 _bMLA 2025 |
||
| 100 |
_aMlambo,Farai _eauthor |
||
| 245 |
_aA Survival Guide For every Postgraduate Journey : _b30 things you need to have peace with before you get frustrated as a master's or P.H.D.Student / _cDr.Farai Mlambo |
||
| 264 |
_aSouth Africa : _bABP,Publishers, _c2025 |
||
| 300 |
_a392 pages _billustrations |
||
| 336 |
_2rdacontent _atext _btxt |
||
| 337 |
_2rdamedia _aunmediated _bn |
||
| 338 |
_2rdacarrier _avolume _bnc |
||
| 500 | _aincludes index | ||
| 650 | _asurvival Guide | ||
| 650 | _apostgraduate Journey | ||
| 942 |
_2lcc _cBK _h2369 _iMLA _kLB |
||
| 999 |
_c11661 _d11661 |
||